Movernos en el agua

Guardado en:
Detalles Bibliográficos
Autor principal: Jardí Pinyol, Carles (Autor)
Formato: Libro
Lenguaje:español
Publicado: Badalona Paidotribo 2002
Edición:4a. ed
Colección:Colección Medicina Deportiva
Materias:
Etiquetas: Agregar Etiqueta
Sin Etiquetas, Sea el primero en etiquetar este registro!

MARC

LEADER 00000nam a2200000 a 4500
001 UCG3388
003 CL-VaPUC
008 100826e20020000sp |||||||||||||||||spa|d
020 |a 8480192682 
082 0 4 |a 797.21  |b JAR  |2 21 
100 |a Jardí Pinyol, Carles  |e author  |9 552482 
245 1 0 |a Movernos en el agua 
250 |a 4a. ed 
300 |a 150 p 
942 |c BK 
945 |d 20100826 00:00:00  |a mfarfan 
260 |a Badalona  |b Paidotribo  |c 2002 
650 7 |a ENTRENAMIENTO FISICO  |2 CL-VaPUC  |9 307393 
650 0 |a Actividad física  |9 362156 
650 0 |a Natación  |9 307454 
583 |a last modification  |c 20171130 06:45:53  |k Rodrigo Vera 
490 0 |a Colección Medicina Deportiva 
999 |c 342456  |d 342454 
952 |0 0  |1 0  |4 0  |6 797_210000000000000_JAR_2002  |7 0  |8 C  |9 438652  |a BIBCUR  |b BIBCUR  |d 2019-11-22  |i 4712684  |o 797.21 JAR 2002  |p 4712684  |r 2025-04-22  |w 2019-11-22  |y BK  |k DEN